Manual de derecho de familia

Сохранить в:
Библиографические подробности
Главный автор: Belluscio, Augusto César (Автор)
Формат:
Язык:испанский
Опубликовано: Buenos Aires Depalma 1988
Редактирование:5a. ed
Предметы:
Метки: Добавить метку
Нет меток, Требуется 1-ая метка записи!

MARC

LEADER 00000nam a2200000 a 4500
001 UCV1311
003 CL-VaPUC
008 900406e19880000AG |||||||||||||||||spa|d
082 0 4 |a 346.015  |b BEL  |2 21 
100 0 |a Belluscio, Augusto César  |e author  |9 295548 
245 1 0 |a Manual de derecho de familia 
250 |a 5a. ed 
300 |a 2 v 
942 |c BK 
945 |d 19900406 00:00:00 
260 |a Buenos Aires  |b Depalma  |c 1988 
650 0 |a Alimentos  |9 256203 
650 0 |a Derecho y legislación   |9 255077 
650 0 |a Divorcio  |9 256204 
650 7 |a MATRIMONIO  |2 CL-VaPUC  |9 295549 
650 0 |a Peternidad  |9 254922 
651 0 |a Argentina  |9 254888 
583 |a last modification  |c 19900406 00:00:00  |k Rodrigo Vera 
999 |c 209297  |d 209295 
952 |0 0  |1 0  |4 0  |6 346_015000000000000_BEL_1988  |7 0  |8 A  |9 184624  |a BIBDER  |b BIBDER  |d 2019-11-14  |h v.1  |i 2519321  |l 2  |o 346.015 BEL 1988  |p 2519321  |r 2023-01-25  |s 2021-09-27  |w 2019-11-14  |y BK  |k DER 
952 |0 0  |1 0  |4 0  |6 346_015000000000000_BEL_1988  |7 0  |8 A  |9 184625  |a BIBDER  |b BIBDER  |d 2019-11-14  |h v.2  |i 251933K  |o 346.015 BEL 1988  |p 251933K  |r 2023-01-25  |w 2019-11-14  |y BK  |k DER